| 000 | 00429nam a2200145 a 4500 | ||
|---|---|---|---|
| 001 | 1890 | ||
| 003 | CDMR | ||
| 005 | 20130116135216.0 | ||
| 008 | 130130s1988||||||||||||||||||||||||||||d | ||
| 040 |
_aCDMR _bcat _cCPC GIRONA |
||
| 100 | 1 |
_aMolero, Eugeni _91407 |
|
| 245 | 1 | 3 |
_aLa Principal de la Bisbal _bCobla de la Generalitat de Catalunya _cMolero, Eugeni |
| 260 |
_c1988 _bDiputació de Girona i Ajuntament de la Bisbal |
||
| 942 | _cMON | ||
| 999 |
_c1890 _d1890 |
||